[Event "PUR-ch"]
[Site "Bayamon"]
[Date "2013.05.26"]
[Round "5"]
[White "Muniz Matta, Carlos"]
[Black "Capeles Mendoza, Jomar"]
[Result "1-0"]
[WhiteElo "1658"]
[BlackElo "1613"]
[PlyCount "39"]
[EventDate "2013.05.24"]
[EventType "swiss"]
[EventRounds "9"]
[EventCountry "PUR"]
[SourceTitle "CBM 154 Extra"]
[Source "ChessBase"]
[SourceDate "2013.06.25"]
[SourceVersion "2"]
[SourceVersionDate "2013.06.25"]
[SourceQuality "1"]

1. e4 c5 2. Nf3 e6 3. d4 cxd4 4. Nxd4 a6 5. Be3 Nf6 6. Bd3 Qc7 7. 0-0 d6 8. Nc3 Be7 9. f4 Nbd7 10. Qe2 0-0 11. g4 Nc5 12. g5 Nfd7 13. f5 Nxd3 14. cxd3 exf5 15. Nxf5 Qd8 16. Qg2 Ne5 17. d4 Bxf5 18. exf5 Nc4 19. Bc1 f6 20. Qd5+ 1-0

[Event "PUR-ch"]
[Site "Bayamon"]
[Date "2013.05.24"]
[Round "1"]
[White "Zilleruelo Irizarry, Diego"]
[Black "Muniz Matta, Carlos"]
[Result "1-0"]
[WhiteElo "2075"]
[BlackElo "1658"]
[PlyCount "47"]
[EventDate "2013.05.24"]
[EventType "swiss"]
[EventRounds "9"]
[EventCountry "PUR"]
[SourceTitle "CBM 154 Extra"]
[Source "ChessBase"]
[SourceDate "2013.06.25"]
[SourceVersion "2"]
[SourceVersionDate "2013.06.25"]
[SourceQuality "1"]

1. e4 c5 2. Nf3 d6 3. c3 Nc6 4. Be2 Nf6 5. d3 e6 6. 0-0 Be7 7. Ng5 h6 8. Nh3 d5 9. f3 dxe4 10. fxe4 e5 11. Nf2 Qb6 12. Nd2 Be6 13. Kh1 Rd8 14. Qa4 0-0 15. Nc4 Bxc4 16. Qxc4 Na5 17. Qa4 Rd7 18. Ng4 Rd6 19. Nxe5 Rfd8 20. b4 cxb4 21. cxb4 Qd4 22. Bf4 Qb2 23. Bf3 Nc6 24. Nc4 1-0